000 00691nam a2200289Ia 4500
005 20260324121745.0
008 008 260324s9999 xx 000 0 eng d
020 _a9781315881515
037 _aEBOOK
040 _aCRL
040 _beng
040 _cCRL
041 _2eng
041 _aeng
084 _qCRL
100 _aRuth Taplin
_91163753
245 0 _aIntellectual Property Valuation and Innovation
245 0 _bTowards global harmonisation
260 _bTaylor and Francis
260 _c2013
365 _a
365 _b240
856 _uhttp://www.taylorfrancis.com/books/9781315881515
942 _cEBOOK
999 _c1756051
_d1756051